书目信息 |
| 题名: |
时装构成与裁制技巧
|
|
| 作者: | 包昌法 编著 | |
| 分册: | ||
| 出版信息: | 北京 纺织工业出版社 1988 |
|
| 页数: | 220页 | |
| 开本: | 26cm | |
| 丛书名: | ||
| 单 册: | ||
| 中图分类: | TS941.63 | |
| 科图分类: | ||
| 主题词: | 服装量裁 , 服装缝制 | |
| 电子资源: | ||
| ISBN: | 978-7-5064-0125-8 | |
| 000 | 00687nam0 2200241 450 | |
| 001 | 0101005931 | |
| 005 | 20121102090613.0 | |
| 010 | @a978-7-5064-0125-8@dCNY15.00 | |
| 100 | @a20040329d1988----em y0chiy0110 ea | |
| 101 | 0 | @achi |
| 102 | @aCN@b110000 | |
| 105 | @ay---z---000yy | |
| 106 | @ar | |
| 200 | 1 | @a时装构成与裁制技巧@9Shi Zhuang Gou Cheng Yu Cai Zhi Ji Qiao @f包昌法编著@b专著 |
| 210 | @a北京@c纺织工业出版社@d1988 | |
| 215 | @a220页@d26cm | |
| 300 | @a1996年重印价格:CNY15.00 | |
| 606 | 0 | @a服装量裁 |
| 606 | 0 | @a服装缝制 |
| 690 | @aTS941.63@v4 | |
| 701 | 0 | @a包昌法@4编著@9bao chang fa |
| 801 | 0 | @aCN@bAZmarc@c20230831 |
| 905 | @aBZT@dTS941.63@e127@f6@sTS941.63/127 | |
| 时装构成与裁制技巧/包昌法编著.-北京:纺织工业出版社,1988 |
| 220页;26cm |
| 1996年重印价格:CNY15.00 |
| ISBN 978-7-5064-0125-8:CNY15.00 |
| ● |
| 相关链接 |
|
|
|
正题名:时装构成与裁制技巧
索取号:TS941.63/127
 
预约/预借
| 序号 | 登录号 | 条形码 | 馆藏地/架位号 | 状态 | 备注 |
| 1 | 2000134772 | 2000134772 | 旧书回溯/ [索取号:TS941.63/127] | 在馆 | |
| 2 | 2000134773 | 2000134773 | 旧书回溯/ [索取号:TS941.63/127] | 在馆 | |
| 3 | 2000134774 | 2000134774 | 旧书回溯/ [索取号:TS941.63/127] | 在馆 | |
| 4 | 2000134775 | 2000134775 | 旧书回溯/ [索取号:TS941.63/127] | 在馆 | |
| 5 | 2000134776 | 2000134776 | 旧书回溯/ [索取号:TS941.63/127] | 在馆 | |
| 6 | 2000134777 | 2000134777 | 旧书回溯/ [索取号:TS941.63/127] | 在馆 |